DEFRA : Sustainable Development (Record no. 119893)

MARC details
000 -LEADER
fixed length control field 00911cam a2200205 4500
001 - CONTROL NUMBER
control field WS114650
008 - FIXED-LENGTH DATA ELEMENTS--GENERAL INFORMATION
fixed length control field 010919n 000 0 eng u
035 ## - SYSTEM CONTROL NUMBER
System control number (Sirsi) u114650
110 ## - MAIN ENTRY--CORPORATE NAME
Corporate name or jurisdiction name as entry element Department for Environment, Food and Rural Affairs
9 (RLIN) 4094
245 ## - TITLE STATEMENT
Title DEFRA : Sustainable Development
520 ## - SUMMARY, ETC.
Summary, etc. Web site for this government department's work and information on sustainable development. Includes guidance on preparing regional sustainable development frameworks, Quality of Life Counts, fact sheets and Local Agenda 21 case studies.
650 ## - SUBJECT ADDED ENTRY--TOPICAL TERM
Topical term or geographic name entry element GOVERNMENT
650 ## - SUBJECT ADDED ENTRY--TOPICAL TERM
Topical term or geographic name entry element SUSTAINABLE DEVELOPMENT
650 ## - SUBJECT ADDED ENTRY--TOPICAL TERM
Topical term or geographic name entry element QUALITY OF LIFE COUNTS
650 ## - SUBJECT ADDED ENTRY--TOPICAL TERM
Topical term or geographic name entry element SUSTAINABLE DEVELOPMENT FRAMEWORKS
650 ## - SUBJECT ADDED ENTRY--TOPICAL TERM
Topical term or geographic name entry element LOCAL AGENDA 21
690 ## - LOCAL SUBJECT ADDED ENTRY--TOPICAL TERM (OCLC, RLIN)
Topical term or geographic name as entry element DEVELOPMENT-SUSTAINABLE
856 40 - ELECTRONIC LOCATION AND ACCESS
Uniform Resource Identifier <a href="https://www.defra.gov.uk/environment/sustainable/index.htm">https://www.defra.gov.uk/environment/sustainable/index.htm</a>
Public note View the website free of charge at www.defra.gov.uk...
942 ## - ADDED ENTRY ELEMENTS (KOHA)
Suppress in OPAC 0
Holdings
Withdrawn status Lost status Source of classification or shelving scheme Damaged status Not for loan Home library Current library Shelving location Date acquired Total Checkouts Full call number Barcode Date last seen Copy number Price effective from Koha item type
    Dewey Decimal Classification     Virtual Virtual Online 19/09/2001   WEB SITE 114650-2001 06/08/2019 1 06/08/2019 Online material